| Поле | Название | Значение |
| |
Тип записи |
a |
| |
Библиографический уровень |
m |
| 001 |
Контрольный номер |
RU/URAIT/588694 |
| 005 |
Дата корректировки |
20260429163711.6 |
| 008 |
Кодируемые данные |
260429s2026 RU y f j 000 0 rus u |
| 020 |
Индекс ISBN |
__ |
| a |
ISBN |
978-5-534-16901-0 |
| c |
Цена, тираж |
739.00 |
| 040 |
Источник каталогиз. |
__ |
| a |
Служба первич. каталог. |
ИКО Юрайт |
| c |
Служба, преобразующая запись |
ИКО Юрайт |
| e |
Правила каталог. |
RCR |
| 041 |
Код языка издания |
__ |
| a |
Код языка текста |
rus |
| 044 |
Код страны публикации |
__ |
| a |
Код страны публикации |
RU |
| 080 |
Индекс УДК |
__ |
| a |
Индекс УДК |
332.122.6(075.8) |
| 084 |
Индекс другой классификации/Индекс ББК |
__ |
| 2 |
Источник индекса |
rubbk |
| a |
Индекс другой классификации/Индекс ББК |
65.04я73 |
| 100 |
Автор |
__ |
| a |
Автор |
Сапир Е. В. |
| q |
Полное имя |
Сапир Елена Владимировна |
| 245 |
Заглавие |
__ |
| a |
Заглавие |
Специальные экономические зоны в мировой экономике |
| b |
Продолж. заглавия |
учебник для вузов |
| c |
Ответственность |
Е. В. Сапир, И. А. Карачев. |
| 250 |
Сведения об издании |
__ |
| g |
|
пер. и доп |
| a |
Основные сведения об издании |
2-е изд. |
| 256 |
Характеристики компьютерного файла |
__ |
| a |
Характеристики компьютерного файла |
Электрон. дан. |
| 260 |
Выходные данные |
__ |
| a |
Место издания |
Москва |
| b |
Издательство |
Юрайт |
| c |
Дата издания |
2026 |
| 300 |
Физическое описание |
__ |
| a |
Объем |
149 с |
| 440 |
Серия |
__ |
| a |
Серия |
Высшее образование |
| 500 |
Примечания |
__ |
| a |
Примечание |
URL: https://urait.ru/bcode/588694 (дата обращения: 29.04.2026). |
| 520 |
Аннотация |
__ |
| a |
Аннотация |
Специальные экономические зоны сохраняют первостепенное значение при разработке и реализации национальной промышленной и инвестиционной политики в подавляющем большинстве развивающихся и многих развитых странах. Настоящий курс раскрывает сущность, этапы становления и глобальный ландшафт специальных экономических зон как комплексного института развития, интегрирующего факторы производства, знания, технологии и новые рынки. Изложение теоретического и практического материала в курсе опирается на достижения мировой науки и вклад авторитетных международных организаций. Знания в области теории и практики создания, функционирования и управления специальными экономическими зонами в мире и в России были и будут востребованы в профессиональной деятельности экономистов. Также предназначено для студентов вузов, обучающихся по экономическим направлениям. |
| 538 |
Прим. о системных особенностях |
__ |
| a |
Прим. о системных особенностях |
Режим доступа: Электронно-библиотечная система Юрайт, для авториз. пользователей |
| 653 |
Ключевые слова |
__ |
| a |
Ключевые слова |
Мировая экономика и внешнеэкономическая деятельность |
| 653 |
Ключевые слова |
__ |
| a |
Ключевые слова |
Экономические науки |
| 653 |
Ключевые слова |
__ |
| a |
Ключевые слова |
Особые экономические зоны |
| 653 |
Ключевые слова |
__ |
| a |
Ключевые слова |
Особые экономические зоны в российской экономике |
| 653 |
Ключевые слова |
__ |
| a |
Ключевые слова |
Экономика особых зон |
| 653 |
Ключевые слова |
__ |
| a |
Ключевые слова |
Специальные экономические зоны в мировой экономике |
| 653 |
Ключевые слова |
__ |
| a |
Ключевые слова |
Экономика особых экономических зон |
| 700 |
Другие авторы |
__ |
| a |
Другие авторы |
Карачев И. А. |
| q |
Полное имя |
Карачев Игорь Андреевич |
| 856 |
Электронный адрес документа |
40 |
| n |
Местонахождение сервера |
Юрайт |
| g |
|
Электронная книга |
| q |
Тип электронного формата |
html |
| h |
Имя пользователя |
ЮРАЙТ |
| v |
Часы доступа к ресурсу |
20271231 |
| 2 |
Способ доступа |
Показать документ |
| x |
Служебное примечание |
https://urait.ru/book/cover/F24E6933-34EB-4947-8E20-5D6C4DC131ED |
| u |
URL |
https://urait.ru/bcode/588694 |
| 856 |
Электронный адрес документа |
48 |
| q |
Тип электронного формата |
cover |
| u |
URL |
https://urait.ru/book/cover/F24E6933-34EB-4947-8E20-5D6C4DC131ED |
| 911 |
|
__ |
| u |
|
0030=https://urait.ru/bcode/588694 |
| 911 |
|
__ |
| u |
|
073a=9785534169010 |
| u |
|
073d=739.00 |
| 911 |
|
__ |
| u |
|
106a=s |
| 911 |
|
__ |
| u |
|
900l= |
| 952 |
Тип литературы |
__ |
| i |
Дисциплина |
Особые экономические зоны |
| 952 |
Тип литературы |
__ |
| i |
Дисциплина |
Особые экономические зоны в российской экономике |
| 952 |
Тип литературы |
__ |
| i |
Дисциплина |
Экономика особых зон |
| 952 |
Тип литературы |
__ |
| i |
Дисциплина |
Специальные экономические зоны в мировой экономике |
| 952 |
Тип литературы |
__ |
| i |
Дисциплина |
Экономика особых экономических зон |